Clics en chaîne #2 - Statistiques

Statistiques générales
  • Ce quiz a été pris 11 251 fois
  • Le résultat moyen est 19 sur 32
Statistiques - réponses
Hint Réponse % Correct
…qui prit fin en: 1918
96%
…dont la mort contribua au déclenchement de la: Première Guerre mondiale
94%
…dont le neveu était: François-Ferdinand
89%
…qui marqua le début de la: Grippe espagnole
82%
…qui a fut réalisé par: James Cameron
71%
…où le « combat du siècle » a vu Joe Frazier vaincre: Muhammad Ali
69%
Le plus long règne pour un empereur austro-hongrois fut celui de: François-Joseph
68%
…qui a fut démantelé sous la direction de: Mandela
66%
...qui détruisit la ville de: Pompéi
65%
…qui avait un système de ségrégation appelé: Apartheid
64%
…où le site sportif le plus célèbre est le: Madison Square Gardens
62%
…que l'on pourrait trouver dans les: Andes
61%
...dont le gouvernement fédéral pourrait être qualifié d': Impérial
61%
…qui coula avant d'atteindre: New York
61%
...qui est une région qui compte de nombreux: Volcans
59%
…qui borde le Nord de: L'Afrique du Sud
58%
…qui commence par la même lettre que: Zimbabwe
56%
…qui se trouve dans la région de la: Ceinture de Feu du Pacifique
55%
…qui sont une espèce d': Antilope
54%
…qui réalisa également: Titanic
54%
…qui peut également décrire l': Alpaga
53%
...dont le plus célèbre pourrait être le: Mont Vésuve
53%
…qui en 1995 encouragea les: Springboks
53%
...qui décrit le gouvernement de la Maison de: Habsbourg
51%
…qui était autrefois connu sous le nom de: Zaïre
51%
…dont les sabots en font un: Ongulé
49%
…qui eut lieu dans la ville de: Kinshasa
45%
…qui est la capitale de: Le Congo (RDC)
44%
…qui rapporta moins au box-office que: Avatar
40%
…dont la compagnie produisit: Avengers: Endgame
38%
…qui toucha mais ne tua pas: Walt Disney
36%
…qui aurait eu une audience télévisée de plus d'un milliard à: The Rumble in the Jungle
15%
Aucun quiz correspondant
Distribution des résultats
% des personnes avec chaque résultat
Percentile par nombre de réponses
Votre historique - résultats
Vous n’avez pas pris ce quiz